Normal view
MARC view
Entry Topical Term
001 - CONTROL NUMBER
- control field: 40786
003 - CONTROL NUMBER IDENTIFIER
- control field: dpl
005 - DATE AND TIME OF LATEST TRANSACTION
- control field: 20120204122909.0
008 - FIXED-LENGTH DATA ELEMENTS
- fixed length control field: 120204|||a|||||| | ||| d
040 ## - CATALOGING SOURCE
- Original cataloging agency: dpl
- Transcribing agency: dpl
150 ## - HEADING--TOPICAL TERM
- Topical term or geographic name as entry element: बालकों का व्यवहार द्वारा उपचार
670 ## - SOURCE DATA FOUND
- Source citation: Work cat.: (dpl)31989: काबरा, रूपनारायण 40785, बच्चे नहीं होते समस्या /, 2006
670 ## - SOURCE DATA FOUND
- Source citation: Work cat.: (dpl)31989: काबरा, रूपनारायण 40785, बच्चे नहीं होते समस्या /, 2006
